Adaptačné problémy rómskych detí na školu

Bibliographic Details
Main Authors: Pasternáková, Lenka, 1979- (Author), Daňo, Juraj, 1946- (Author)
Format: Article
Language:Slovak
ISSN:0139-6919
Subjects:

MARC

LEADER 00000nab a2200000 a 4500
001 vtls009191512
003 SK-MaSNL
005 20260304151453.0
008 250506c2008 xo mr|p|||an |000 b|slo
015 |a SNBRB2008/03 
035 |a (uuid)9bcd202a-52aa-4a33-af05-c55dd86a44df 
035 |a urn:nbn:sk:snk-abd5ly 
035 |a (urnnbn)urn:nbn:sk:snk:ar-007fqw 
038 |a SPK 
040 |a SNKBUCL  |b slo  |c SNKBUCL  |e AACR2 
041 0 |a slo  |b slo 
044 |a xo  |c SK 
072 7 |a 376  |x Výchova a vzdelávanie zvláštnych skupín osôb  |2 konspekt 
080 |a 376.74-057.66  |2 1997 
100 1 |a Pasternáková, Lenka,  |d 1979-  |4 aut  |9 207973 
245 1 0 |a Adaptačné problémy rómskych detí na školu  |c Lenka Pasternáková, Juraj Daňo 
504 |a Bibliogr. odkazy 
546 |a Res. slov. 
650 0 7 |a vzdelávanie Rómov  |2 snkbucl  |9 329849 
650 0 7 |a adaptácia  |2 spk  |9 445187 
700 1 |a Daňo, Juraj,  |d 1946-,  |4 aut  |9 5227 
773 0 |t Vychovávateľ  |g Roč. LVI, č. 7 (2008), s. 16-18  |x 0139-6919 
850 |a Slovenská národná knižnica 
852 |a Slovenská národná knižnica 
954 |a odborná, vedecká literatúra pôvodná (slovenská)  |2 lita 
958 |a article17 
958 |a NB  |2 spk 
958 |a OND 
958 |a EUIPO 
999 |c 2943839  |d 2945769